[Event "MVP-ch Seniors op 13th"]
[Site "Binz"]
[Date "2013.11.27"]
[Round "1"]
[White "Gierse, Heinz Dieter"]
[Black "Artmann, Heribert"]
[Result "1-0"]
[WhiteElo "1933"]
[BlackElo "1601"]
[PlyCount "91"]
[EventDate "2013.11.27"]
[EventType "swiss"]
[EventRounds "9"]
[EventCountry "GER"]
[SourceTitle "EXT 2015"]
[Source "ChessBase"]
[SourceDate "2014.11.20"]
[SourceVersion "1"]
[SourceVersionDate "2014.11.20"]
[SourceQuality "1"]

1. Nf3 Nf6 2. g3 d5 3. Bg2 g6 4. d3 Bg7 5. Nbd2 0-0 6. e4 dxe4 7. dxe4 c6 8. 0-0 Bg4 9. h3 Be6 10. Qe2 Qc7 11. Nc4 Rd8 12. Bf4 Qc8 13. Ng5 h6 14. Nxe6 Qxe6 15. Rad1 Na6 16. Kh2 g5 17. Bc1 Ne8 18. a3 f5 19. Rde1 Bf6 20. exf5 Qxe2 21. Rxe2 Nd6 22. Nxd6 Rxd6 23. b4 Rad8 24. Be4 Nc7 25. f4 Nb5 26. Bd3 Nc3 27. Rg2 Kg7 28. fxg5 hxg5 29. Re1 Rh8 30. Bd2 Nd5 31. Rge2 Kf7 32. Bc4 b5 33. Bb3 Ke8 34. Re6 Kd7 35. Rxd6+ exd6 36. Re6 Re8 37. Rxe8 Kxe8 38. Bxd5 cxd5 39. Kg2 Ke7 40. Kf3 Kf7 41. Kg4 Kg7 42. Bxg5 Bb2 43. Be7 Bxa3 44. Bxd6 a5 45. Be5+ Kf7 46. bxa5 1-0

[Event "Baden-ch Seniors"]
[Site "Birkenfeld"]
[Date "2013.06.02"]
[Round "9"]
[White "Gierse, Heinz Dieter"]
[Black "Schumacher, Gottfried"]
[Result "1/2-1/2"]
[WhiteElo "2136"]
[BlackElo "2225"]
[PlyCount "78"]
[EventDate "2013.05.25"]
[EventType "swiss"]
[EventRounds "9"]
[EventCountry "GER"]
[SourceTitle "EXT 2014"]
[Source "ChessBase"]
[SourceDate "2013.11.20"]
[SourceVersion "1"]
[SourceVersionDate "2013.11.20"]
[SourceQuality "1"]

1. Nf3 c5 2. g3 Nf6 3. Bg2 Nc6 4. 0-0 g6 5. d3 Bg7 6. e4 0-0 7. Nbd2 b5 8. Re1 Bb7 9. Nb3 d6 10. c3 a5 11. a4 b4 12. d4 bxc3 13. bxc3 cxd4 14. Nfxd4 Qd7 15. h3 Ne5 16. Nb5 Rfc8 17. Kh2 Nc4 18. Ra2 Ne8 19. Nd2 Nb6 20. Qb3 Rab8 21. c4 Nc7 22. Bb2 Bxb2 23. Rxb2 Bc6 24. Qa2 Na6 25. Ra1 Nc5 26. Nd4 Ncxa4 27. Nxc6 Qxc6 28. Rc2 Qc5 29. Nb3 Qb4 30. Qa3 Nxc4 31. Qxa4 Qxb3 32. Qxb3 Rxb3 33. Rac1 a4 34. Rxc4 Rxc4 35. Rxc4 a3 36. Ra4 Rb2 37. Rxa3 Rxf2 38. g4 Kg7 39. Kg3 Rc2 1/2-1/2

[Event "Baden-ch Seniors"]
[Site "Birkenfeld"]
[Date "2013.05.31"]
[Round "7"]
[White "Striebich, Rudolf"]
[Black "Gierse, Heinz Dieter"]
[Result "1/2-1/2"]
[WhiteElo "2188"]
[BlackElo "2136"]
[PlyCount "37"]
[EventDate "2013.05.25"]
[EventType "swiss"]
[EventRounds "9"]
[EventCountry "GER"]
[SourceTitle "EXT 2014"]
[Source "ChessBase"]
[SourceDate "2013.11.20"]
[SourceVersion "1"]
[SourceVersionDate "2013.11.20"]
[SourceQuality "1"]

1. e4 d5 2. exd5 Nf6 3. d4 Nxd5 4. c4 Nb6 5. Nc3 e5 6. d5 Be7 7. Be2 c6 8. Nf3 0-0 9. 0-0 e4 10. Nxe4 cxd5 11. cxd5 Qxd5 12. Nc3 Qxd1 13. Rxd1 Nc6 14. Be3 Be6 15. Nd4 Nxd4 16. Bxd4 Rfd8 17. Bf3 Nd5 18. Be5 Nxc3 19. Bxc3 1/2-1/2

[Event "Baden-ch Seniors"]
[Site "Birkenfeld"]
[Date "2013.05.30"]
[Round "6"]
[White "Herrmann, Peter"]
[Black "Gierse, Heinz Dieter"]
[Result "0-1"]
[WhiteElo "1647"]
[BlackElo "2136"]
[PlyCount "68"]
[EventDate "2013.05.25"]
[EventType "swiss"]
[EventRounds "9"]
[EventCountry "GER"]
[SourceTitle "EXT 2014"]
[Source "ChessBase"]
[SourceDate "2013.11.20"]
[SourceVersion "1"]
[SourceVersionDate "2013.11.20"]
[SourceQuality "1"]

1. d4 Nf6 2. c4 g6 3. Nc3 Bg7 4. e4 d6 5. Nf3 0-0 6. Be2 e5 7. 0-0 Nc6 8. d5 Ne7 9. h3 Nh5 10. Be3 Nf4 11. Bxf4 exf4 12. Nd4 c5 13. dxc6 bxc6 14. Qd2 Qb6 15. Nf3 Rd8 16. Qxf4 Qxb2 17. Ng5 f6 18. Qe3 fxg5 19. Rac1 h6 20. Rfd1 Be5 21. Qd3 Be6 22. Rc2 Qb7 23. Rb1 Qc7 24. Nd5 Qd7 25. Ne3 Rab8 26. Rd1 h5 27. c5 dxc5 28. Qa3 Bd4 29. Rxc5 Bxc5 30. Qa5 Bd4 31. Qxg5 c5 32. Bxh5 Qe8 33. Ng4 Bxg4 34. Bxg4 Qf7 0-1

[Event "Baden-ch Seniors"]
[Site "Birkenfeld"]
[Date "2013.05.28"]
[Round "4"]
[White "Mueller, Waldemar"]
[Black "Gierse, Heinz Dieter"]
[Result "1-0"]
[WhiteElo "2107"]
[BlackElo "2136"]
[PlyCount "87"]
[EventDate "2013.05.25"]
[EventType "swiss"]
[EventRounds "9"]
[EventCountry "GER"]
[SourceTitle "EXT 2014"]
[Source "ChessBase"]
[SourceDate "2013.11.20"]
[SourceVersion "1"]
[SourceVersionDate "2013.11.20"]
[SourceQuality "1"]

1. e4 d5 2. exd5 Nf6 3. d4 Nxd5 4. Nf3 g6 5. Bc4 Bg7 6. 0-0 0-0 7. c3 h6 8. Re1 e6 9. Nbd2 b6 10. Bb3 Bb7 11. Ne4 Nc6 12. Qd3 Nf6 13. Bc2 Rb8 14. Ng3 Qc8 15. h4 Ba6 16. Qd1 Qd7 17. a4 Rbd8 18. Nh2 e5 19. b4 Bc4 20. b5 Na5 21. h5 exd4 22. cxd4 Qxd4 23. Qxd4 Rxd4 24. hxg6 Bb3 25. gxf7+ Kxf7 26. Nf5 Rd7 27. Bb1 Ng8 28. Nxg7 Kxg7 29. Bb2+ Kf7 30. Ng4 Nc4 31. Bc3 h5 32. Ne5+ Nxe5 33. Bxe5 Ne7 34. Bg3 c5 35. bxc6 Nxc6 36. Bf5 Re7 37. Be4 Nd4 38. Bg6+ Kxg6 39. Rxe7 Nc2 40. Rd1 Bxa4 41. Rxa7 b5 42. Be5 Kf5 43. Bg3 Bb3 44. Rd3 1-0

[Event "Baden-ch Seniors"]
[Site "Birkenfeld"]
[Date "2013.05.27"]
[Round "3"]
[White "Gierse, Heinz Dieter"]
[Black "Khodjabagyan, Seyran"]
[Result "1/2-1/2"]
[WhiteElo "2136"]
[BlackElo "2160"]
[PlyCount "28"]
[EventDate "2013.05.25"]
[EventType "swiss"]
[EventRounds "9"]
[EventCountry "GER"]
[SourceTitle "EXT 2014"]
[Source "ChessBase"]
[SourceDate "2013.11.20"]
[SourceVersion "1"]
[SourceVersionDate "2013.11.20"]
[SourceQuality "1"]

1. Nf3 Nf6 2. g3 g6 3. Bg2 Bg7 4. d3 d5 5. Nbd2 0-0 6. 0-0 Nc6 7. e4 dxe4 8. dxe4 h6 9. c3 Be6 10. Qc2 Qd7 11. Re1 Rfd8 12. Nb3 Bxb3 13. Qxb3 Na5 14. Qc2 Qd3 1/2-1/2